000 00811nam a22003257a 4500
003 OSt
008 150515b xxu||||| |||| 00| 0 eng d
100 1 _aLindquist, H. L.
041 _aeng
050 0 0 _a383.2135S
245 1 0 _aThe Stamp Specialist
246 1 0 _aVolume 1, Part 1 (Number 1)
260 _aNew York, NY
_bH. L. Lindquist
300 _a160 pages
650 0 _aGeneral
650 0 _aPostal Stationery
650 0 _aColor
650 0 _aUS Classic Stamps
650 0 _aUS 1847 Issue
650 0 _aPost Office Seals
650 0 _aConfederate states
650 0 _aGuam Guard Mail
650 0 _aRotary Press
650 0 _aStamp Printing
650 0 _aStamp Production
650 0 _aMounting Methods
650 0 _aSpecializing
650 0 _aAuctions
650 0 _aPrices Realized
999 _c1459
_d1459